书目信息 |
| 题名: |
计算流体力学
|
|
| 作者: | 江春波 , 张永良 , 丁则平合 编 | |
| 分册: | ||
| 出版信息: | 北京 中国电力出版社 2007.08 |
|
| 页数: | 279页 | |
| 开本: | 26cm | |
| 丛书名: | ||
| 单 册: | ||
| 中图分类: | O35 | |
| 科图分类: | ||
| 主题词: | 计算流体力学--ji suan liu ti li xue--高等教育--教材 | |
| 电子资源: | ||
| ISBN: | 978-7-5083-5876-5 | |
| 000 | 01042nam0 2200277 450 | |
| 001 | 012007612421 | |
| 005 | 20071226104401.06 | |
| 010 | @a978-7-5083-5876-5@dCNY29.00 | |
| 100 | @a20071226d2007 km y0chi0120 ea | |
| 101 | 0 | @achi |
| 102 | @aCN@b110000 | |
| 105 | @aa a 000yy | |
| 106 | @ar | |
| 200 | 1 | @a计算流体力学@Aji suan liu ti li xue@f江春波, 张永良, 丁则平合编@Fjiang chun bo,zhang yong liang,ding ze ping he bian |
| 210 | @a北京@c中国电力出版社@d2007.08 | |
| 215 | @a279页@c图@d26cm | |
| 300 | @a普通高等教育“十一五”规划教材 | |
| 320 | @a有书目 (第277-279页) | |
| 330 | @a本书内容包括:流体运动数学模型、有限差分法、有限单元法、有限体积法、一维非恒定流计算、不可压缩非黏性流体流动、不可压黏性流体流动、对流扩散问题、浅水环流问题。 | |
| 606 | 0 | @a计算流体力学@Aji suan liu ti li xue@x高等教育@j教材 |
| 690 | @aO35@v4 | |
| 701 | 0 | @a江春波@Ajiang chun bo@4编 |
| 701 | 0 | @a张永良@Azhang yong liang@4编 |
| 701 | 0 | @a丁则平合@Ading ze ping he@4编 |
| 801 | 0 | @aCN@bQSSK@c20071226 |
| 905 | @b271982-84@dO35@eJ350@f3 | |
| 计算流体力学/江春波, 张永良, 丁则平合编.-北京:中国电力出版社,2007.08 |
| 279页:图;26cm |
| 普通高等教育“十一五”规划教材 |
| ISBN 978-7-5083-5876-5:CNY29.00 |
| 本书内容包括:流体运动数学模型、有限差分法、有限单元法、有限体积法、一维非恒定流计算、不可压缩非黏性流体流动、不可压黏性流体流动、对流扩散问题、浅水环流问题。 |
| ● |
| 相关链接 |
|
|
|
正题名:计算流体力学
索取号:O35/J350
 
预约/预借
| 序号 | 登录号 | 条形码 | 馆藏地/架位号 | 状态 | 备注 |
| 1 | 271982 | 202719825 | 自科库401/401自科库 53排3列4层/ [索取号:O35/J350] | 在馆 | |
| 2 | 271983 | 202719834 | 自科库401/401自科库 53排3列4层/ [索取号:O35/J350] | 在馆 | |
| 3 | 271984 | 202719843 | 自科库401/401自科库 53排3列4层/ [索取号:O35/J350] | 在馆 |